Türk Dil Kurumundan eski anılar (Record no. 15628)

MARC details
000 -BAŞLIK
Sabit Uzunlukta Kontrol Alanı 00751nam a22002297a 4500
999 ## - SİSTEM KONTROL NUMARALARI (KOHA)
Koha Biblionumber 15628
Koha Biblioitemnumber 15628
003 - KONTROL NUMARASI IDENTIFIER
Denetim Alanı MIRAKIL
005 - SON İŞLEM TARİHİ VE ZAMANI
Denetim Alanı 20240313105245.0
008 - SABİT-BOY VERİ ELEMANLARI - GENEL BİLGİLER
Sabit Uzunlukta Kontrol Alanı 240313b tu ||||| |||| 00| 0 tur d
020 ## - ULUSLARARASI STANDART KİTAP NUMARASI
Uluslararası Standart Kitap Numarası 9789751620231
040 ## - KATALOGLAMA KAYNAK
Orijinal Kataloglama Ajansı TR-AnCHP
Metne Dönüştürmek Ajansı TR-AnCHP
041 ## - DİL KODU
Metin / Ses Parça Veya Ayrı Başlığın Dil Kodu tur
082 ## - DEWEY ONLU SINIFLANDIRMA NUMARASI
Sınıflandırma Numarası 818
Ürün Numarası E63t 2008
100 ## - ANA GİRİŞ - KİŞİSEL İSİM
Kişisel Ad Eren, Hasan
245 10 - BAŞLIK TABLOSU
Başlık Türk Dil Kurumundan eski anılar
Sorumluluk Tablosu, Vb Prof. Dr. Hasan Eren.
250 ## - EDITION TABLOSU
Baskı Beyanı 1.bs.
260 ## - YAYIN, DAĞITIM, VB
Yayın, Dağıtım, Vb Yeri Ankara:
Yayıncı, Dağıtıcı, Vs Adı Türk Dil Kurumu yayınları,
Yayın, Dağıtım, Vb Tarihi 2008.
300 ## - FİZİKSEL TANIM
Kapsam 58 s. :
Diğer Fiziksel Ayrıntıları fotoğ. ,
Boyutlar 24 cm.
490 0# - SERİSİ TABLOSU
Seri Beyanı Atatürk Kültür, Dil ve Tarih Yüksek Kurumu Türk Dil Kurumu Yayınları
Hacim / Ardışık Tanımı 921
650 #0 - KONU KATMA GİRİŞ - TOPİKAL DÖNEM
9 (RLIN) 7737
Topikal Süreli Veya Coğrafi Ad Giriş Elemanı Anılar
856 ## - ELEKTRONİK YER VE ERİŞİM
Kamu Notu Dijital Nüshası için Partimizin Kütüphane Sorumlusu ile iletişime geçiniz.
942 ## - EKLENDİ GİRİŞ ELEMANLARI (KOHA)
Sınıflandırma Veya Raf Düzeni Kaynak Dewey Decimal Classification
Koha Öğesi Türü Books
Holdings
Kalıcı Konum Mevcut Konum Edinme Tarihi Toplam Check-Out'Lar Tam Çağrı Numarası Barkod Tarih Son Görülme İtibaren Geçerli Fiyatlar Koha Öğesi Türü
CHP Kütüphanesi CHP Kütüphanesi 03/13/2024   818 E63t 2008 21541 03/13/2024 03/13/2024 Books